| 000 | 01150nam a2200361 c 4500 | ||
|---|---|---|---|
| 001 | 14660 | ||
| 003 | ES-MaCES | ||
| 005 | 20141221122325.0 | ||
| 008 | 030227s2002 sp l 100 | spa d | ||
| 017 |
_aM 47688-2002 _bDL |
||
| 020 | _a8472489744 | ||
| 035 | _aCES20030001933m | ||
| 040 |
_aES-MaCES _bspa _cES-MaCES |
||
| 100 | 1 |
_aMoreno Navarrete, Miguel Ángel _919127 |
|
| 245 | 1 | 0 |
_aDerecho-e _b: Derecho del comercio electrónico _cMiguel Ángel Moreno Navarrete |
| 260 |
_aMadrid _bBarcelona _cMarcial Pons _e2002 |
||
| 300 |
_a201 p. _c24 cm |
||
| 490 | 1 | _aMonografías jurídicas | |
| 504 | _aBibliografía: p. 193-196 | ||
| 541 | _cCompra | ||
| 650 | 4 |
_acomercio electrónico _931575 |
|
| 650 | 4 |
_acontrato _929505 |
|
| 650 | 4 |
_asistema de pagos _928172 |
|
| 650 | 4 |
_aprotección de los datos _929496 |
|
| 650 | 4 |
_aderecho mercantil _927157 |
|
| 650 | 4 |
_aEspaña _926964 |
|
| 650 | 4 |
_arégimen jurídico _929894 |
|
| 653 | 1 | 0 | _aDerecho mercantil |
| 830 | 0 |
_aMonografías jurídicas (Marcial Pons (Firma)) _932181 |
|
| 902 | _aLIB Libro | ||
| 942 |
_2CES _cBK _h6.0.11. |
||
| 999 |
_c14660 _d14660 |
||